[Event "Landesklasse West 2014/2015"]
[Site "?"]
[Date "2014.09.07"]
[Round "1"]
[White "Löhn, Marko"]
[Black "Lehmann, Peter"]
[Result "0-1"]
[WhiteElo "1553"]
[BlackElo "1934"]
[PlyCount "90"]
[EventDate "2014.??.??"]

1. e4 e6 2. d4 d5 3. Nc3 Bb4 4. a3 Bxc3+ 5. bxc3 dxe4 6. f3 b6 7. Bb5+ Bd7 8.
Qe2 exf3 9. Nxf3 Bxb5 10. Qxb5+ c6 11. Qd3 Nd7 12. O-O h6 13. Bf4 Ne7 14. g4
Ng6 15. Bg3 Nf6 16. h3 Qd5 17. Rae1 Rd8 18. Ne5 Nxe5 19. Bxe5 c5 20. Rxf6 gxf6
21. Bxf6 c4 22. Qe4 Qxe4 23. Rxe4 Rg8 24. Bxd8 Kxd8 25. Kf2 Kd7 26. Kf3 f6 27.
Rf4 Ke7 28. Re4 Rd8 29. d5 Rxd5 30. Rxc4 Ra5 31. Rc7+ Kd6 32. Rh7 Rxa3 33. Rxh6
Rxc3+ 34. Ke4 a5 35. Kd4 Rf3 36. Kc4 Rf4+ 37. Kb3 b5 38. Rh5 e5 39. Rh6 Ke7 40.
Rh7+ Ke6 41. c3 Rf3 42. h4 b4 43. Rc7 Rxc3+ 44. Rxc3 bxc3 45. Kxc3 a4 0-1

[Event "Landesklasse West 2014/2015"]
[Site "?"]
[Date "2014.09.07"]
[Round "1"]
[White "Handschuh, Franz"]
[Black "Grube, Jan"]
[Result "1/2-1/2"]
[WhiteElo "1860"]
[BlackElo "1818"]
[PlyCount "120"]
[EventDate "2014.??.??"]

1. d4 d5 2. e3 Nf6 3. Bd3 g6 4. f4 Bg7 5. Nf3 O-O 6. O-O c5 7. c3 c4 8. Bc2 Bf5
9. Nbd2 Ng4 10. Re1 Bxc2 11. Qxc2 f5 12. h3 Nf6 13. b3 cxb3 14. Qxb3 b6 15. e4
fxe4 16. Nxe4 Nxe4 17. Rxe4 Kh8 18. Re2 Nc6 19. Bd2 Qd7 20. Ng5 Nxd4 21. Qd1
Nxe2+ 22. Qxe2 Bf6 23. Ne6 Rf7 24. Re1 Rc8 25. Qd3 Qc6 26. Ng5 Bxg5 27. fxg5
Qc4 28. Qg3 Rcf8 29. Qe5+ Kg8 30. Be3 Rf1+ 31. Rxf1 Rxf1+ 32. Kh2 Qe4 33. Qb8+
Kf7 34. Qh8 Qxe3 35. Qxh7+ Ke6 36. Qg8+ Kd7 37. Qxd5+ Ke8 38. Qb5+ Kd8 39. Qxf1
Qxg5 40. Qd3+ Kc7 41. Qg3+ Qxg3+ 42. Kxg3 Kd6 43. Kf4 e5+ 44. Ke4 b5 45. h4 a5
46. g4 b4 47. cxb4 axb4 48. h5 gxh5 49. gxh5 Ke6 50. h6 Kf6 51. h7 Kg7 52. Kxe5
Kxh7 53. Kd4 Kg7 54. Kc4 Kf7 55. Kxb4 Ke7 56. Kc5 Kd7 57. Kb6 Kc8 58. Ka7 Kc7
59. a4 Kc8 60. a5 Kc7 1/2-1/2

[Event "Landesklasse West 2014/2015"]
[Site "?"]
[Date "2014.09.07"]
[Round "1"]
[White "Webel, Jannik"]
[Black "Brehme, Stefan"]
[Result "1/2-1/2"]
[WhiteElo "1651"]
[BlackElo "1806"]
[PlyCount "49"]
[EventDate "2014.??.??"]

1. d4 d5 2. c4 e6 3. Nc3 Nf6 4. Bg5 Be7 5. e3 O-O 6. cxd5 exd5 7. Bd3 b6 8. Qc2
h6 9. Bh4 Bb7 10. Nf3 Nbd7 11. O-O a6 12. a3 c5 13. b3 c4 14. Be2 b5 15. b4 Ne4
16. Bxe7 Qxe7 17. Nd2 Nxc3 18. Qxc3 Nb6 19. Nb1 f5 20. Qd2 Rac8 21. Nc3 Bc6 22.
Rfe1 Qd6 23. f4 Rfe8 24. Bd1 Qd7 25. Bc2 1/2-1/2

[Event "Landesklasse West 2014/2015"]
[Site "?"]
[Date "2014.09.07"]
[Round "1"]
[White "Mages, Horst"]
[Black "Rosenberg, Erik"]
[Result "0-1"]
[WhiteElo "1700"]
[BlackElo "1633"]
[PlyCount "44"]
[EventDate "2014.??.??"]

1. d4 Nf6 2. Nf3 e6 3. g3 d5 4. Bg2 Bd6 5. O-O O-O 6. c4 c6 7. c5 Bc7 8. Qc2
Nbd7 9. a4 e5 10. b4 e4 11. Ne1 a6 12. f3 Re8 13. Nc3 exf3 14. Nxf3 h6 15. Nh4
Ng4 16. e4 Nxh2 17. e5 Nxf1 18. Kxf1 Nxe5 19. Kg1 Nc4 20. Bxh6 gxh6 21. Nf5 Qg5
22. Rf1 Bxf5 0-1

[Event "Landesklasse West 2014/2015"]
[Site "?"]
[Date "2014.09.07"]
[Round "1"]
[White "Webel, Peter"]
[Black "Licht, Ralph"]
[Result "1/2-1/2"]
[WhiteElo "1724"]
[BlackElo "1667"]
[PlyCount "25"]
[EventDate "2014.??.??"]

1. d4 d5 2. c4 c6 3. Nc3 dxc4 4. a4 e5 5. e3 exd4 6. exd4 Be6 7. Nf3 Bb4 8. Be2
Nf6 9. O-O h6 10. Ne5 O-O 11. Nxc4 Nbd7 12. Na2 Be7 13. b4 1/2-1/2

[Event "Landesklasse West 2014/2015"]
[Site "?"]
[Date "2014.09.07"]
[Round "1"]
[White "Schenk, Michael"]
[Black "Holland-Cunz, Dietrich"]
[Result "1/2-1/2"]
[WhiteElo "1500"]
[BlackElo "1799"]
[PlyCount "56"]
[EventDate "2014.??.??"]

1. d4 d5 2. c4 c6 3. Nc3 e6 4. Nf3 dxc4 5. e4 b5 6. a3 Nf6 7. b3 b4 8. axb4
Bxb4 9. Bd2 Bxc3 10. Bxc3 Nxe4 11. Ba5 Qf6 12. Bxc4 Bb7 13. Rc1 O-O 14. O-O Nd7
15. Bd3 Ng5 16. Nxg5 Qxg5 17. Bd2 Qd5 18. Be3 c5 19. f3 cxd4 20. Be4 Qb5 21.
Bxd4 Bxe4 22. fxe4 Rad8 23. Bxa7 Qb7 24. Bf2 Qxe4 25. Rc4 Nf6 26. Qc1 Qd3 27.
b4 Qd2 28. Qb1 Qe2 1/2-1/2

[Event "Landesklasse West 2014/2015"]
[Site "?"]
[Date "2014.10.05"]
[Round "2"]
[White "Minor, Viatcheslav"]
[Black "Grube, Jan"]
[Result "1-0"]
[WhiteElo "2056"]
[BlackElo "1829"]
[PlyCount "61"]
[EventDate "2014.??.??"]
[WhiteTeam "SV Wartburgstadt Eisenach"]
[BlackTeam "ESV Lok Meiningen"]

1. e4 c5 2. c3 Nc6 3. d4 d6 4. d5 Ne5 5. f4 Ng6 6. Nf3 Nf6 7. Bd3 Bd7 8. c4 e6
9. dxe6 fxe6 10. O-O Bc6 11. Qe2 Qc7 12. Ng5 Bd7 13. Nc3 h6 14. e5 hxg5 15.
Bxg6+ Kd8 16. exf6 gxf6 17. Bf7 Bg7 18. Bxe6 Bxe6 19. Qxe6 Re8 20. Qf5 Qd7 21.
Qxd7+ Kxd7 22. fxg5 fxg5 23. Rf7+ Kc6 24. Rxg7 Re1+ 25. Kf2 Rae8 26. Nd5 R1e2+
27. Kg3 Rc8 28. Ne7+ Kd7 29. Nxc8+ Kxc8 30. Bxg5 Rxb2 31. Re1 1-0

[Event "Landesklasse West 2014/2015"]
[Site "?"]
[Date "2014.10.05"]
[Round "2"]
[White "Webel, Jannik"]
[Black "Neef, Michael"]
[Result "1/2-1/2"]
[WhiteElo "1651"]
[BlackElo "1893"]
[PlyCount "120"]
[EventDate "2014.??.??"]
[WhiteTeam "ESV Lok Meiningen"]
[BlackTeam "SV Wartburgstadt Eisenach"]

1. d4 d5 2. c4 c6 3. Nc3 Nf6 4. cxd5 cxd5 5. Qc2 Nc6 6. Nf3 e6 7. Bg5 Be7 8. e3
O-O 9. a3 h6 10. Bh4 Bd7 11. Bd3 Nh5 12. Bxe7 Qxe7 13. O-O Rac8 14. Rac1 Na5
15. Ne5 Nf6 16. b4 Nc4 17. Bxc4 dxc4 18. Nxd7 Qxd7 19. Rfd1 Nd5 20. Nxd5 exd5
21. a4 a6 22. Rb1 b5 23. a5 f5 24. f4 Rfe8 25. Qc3 Re4 26. Re1 Rce8 27. Rb2 Qe7
28. Rbe2 Qh4 29. Qd2 R8e6 30. g3 Qh3 31. Rg2 Qh5 32. Ree2 Qe8 33. Kf2 Qh5 34.
Kf1 Qh3 35. Ke1 Rg6 36. Kf1 Kf7 37. Ref2 Ree6 38. Kg1 Rg4 39. Kf1 Reg6 40. Qe2
Re6 41. Qc2 Rf6 42. Qd2 Re6 43. Qc2 Re4 44. Qe2 h5 45. Rf3 h4 46. Kg1 hxg3 47.
Rfxg3 Rxg3 48. Rxg3 Qh6 49. Rg5 g6 50. Qf2 Qh3 51. Rg3 Qh5 52. Qf1 Re8 53. Rh3
Qg4+ 54. Rg3 Qh4 55. Rh3 Qf6 56. Qg2 Qe6 57. Kf2 Rg8 58. Rh7+ Rg7 59. Rh8 Rg8
60. Rh7+ Rg7 1/2-1/2

[Event "Landesklasse West 2014/2015"]
[Site "?"]
[Date "2014.10.05"]
[Round "2"]
[White "Schwarz, Hilmar"]
[Black "Henke, Marianne"]
[Result "1-0"]
[WhiteElo "1834"]
[BlackElo "791"]
[PlyCount "59"]
[EventDate "2014.??.??"]
[WhiteTeam "SV Wartburgstadt Eisenach"]
[BlackTeam "ESV Lok Meiningen"]

1. e4 e5 2. Nf3 Nc6 3. Bc4 d6 4. d4 Na5 5. Be2 Be7 6. dxe5 b6 7. O-O Bb7 8. Nc3
Bc6 9. exd6 cxd6 10. Nd4 Bd7 11. Ndb5 Nb7 12. Bf4 Bc6 13. Nd5 Bxd5 14. Qxd5 Nf6
15. Qxb7 O-O 16. Bf3 Nd7 17. Bxd6 Bxd6 18. Nxd6 Nc5 19. Qd5 Qc7 20. e5 Ne6 21.
c3 Nf4 22. Qd2 Rab8 23. Qxf4 h6 24. Rad1 Rbd8 25. Qg3 Qe7 26. h4 g6 27. Nf5 Qc7
28. Nxh6+ Kh7 29. Qg5 Rfe8 30. Nf5 1-0

[Event "Landesklasse West 2014/2015"]
[Site "?"]
[Date "2014.10.05"]
[Round "2"]
[White "Kümpel, Andreas"]
[Black "Königsdörfer, Gerhard"]
[Result "0-1"]
[WhiteElo "1171"]
[BlackElo "1886"]
[PlyCount "84"]
[EventDate "2014.??.??"]
[WhiteTeam "ESV Lok Meiningen"]
[BlackTeam "SV Wartburgstadt Eisenach"]

1. e4 e5 2. Bc4 Nf6 3. d3 Nc6 4. Be3 d5 5. exd5 Nxd5 6. Nf3 Nxe3 7. fxe3 Bc5 8.
e4 O-O 9. Nc3 Bg4 10. Qd2 Nd4 11. Rf1 Bxf3 12. gxf3 Qh4+ 13. Kd1 Qh3 14. Qf2
Nb3 15. d4 Bxd4 16. Qe2 Nxa1 17. Kc1 Bxc3 18. bxc3 c6 19. Kb1 Nxc2 20. Kxc2
Rfd8 21. f4 b5 22. Bb3 exf4 23. Rxf4 Rd7 24. Rf3 Qg4 25. e5 Re8 26. e6 Rxe6 27.
Bxe6 Qxe6 28. Re3 Qxa2+ 29. Kc1 Qxe2 30. Rxe2 f5 31. Re8+ Kf7 32. Rc8 Rd6 33.
Rc7+ Kf6 34. Rxa7 f4 35. Ra8 g5 36. Rf8+ Kg6 37. Rg8+ Kf5 38. Rf8+ Kg4 39. Rh8
h6 40. Kb2 Kh3 41. Kb3 Rf6 42. Kc2 f3 0-1

[Event "Landesklasse West 2014/2015"]
[Site "?"]
[Date "2014.10.05"]
[Round "2"]
[White "Schwantuschke, Maurice"]
[Black "Anschütz, Bernd"]
[Result "0-1"]
[WhiteElo "844"]
[BlackElo "1725"]
[PlyCount "74"]
[EventDate "2014.??.??"]
[WhiteTeam "ESV Lok Meiningen"]
[BlackTeam "SV Wartburgstadt Eisenach"]

1. e4 c5 2. Nf3 a6 3. Bc4 e6 4. O-O b5 5. Be2 Bb7 6. d3 Ne7 7. Bf4 Ng6 8. Bxb8
Rxb8 9. Nc3 Be7 10. e5 Qc7 11. b3 Nxe5 12. Nxe5 Qxe5 13. Ne4 d5 14. Nd2 O-O 15.
Nf3 Qc3 16. Qe1 Bf6 17. Rc1 b4 18. Qd1 Rfc8 19. Qd2 Qb2 20. Ra1 a5 21. Qf4 Qxc2
22. Bd1 Qxd3 23. Ne5 Bxe5 24. Qxe5 Qd4 25. Qxd4 cxd4 26. Bg4 Rc3 27. Be2 e5 28.
Rac1 f5 29. Rxc3 bxc3 30. Rd1 e4 31. Rxd4 c2 32. Bd1 c1=Q 33. Kf1 Ba6+ 34. Ke1
Qc3+ 35. Rd2 d4 36. Bc2 e3 37. Bxf5 Qxd2# 0-1

[Event "Landesklasse West 2014/2015"]
[Site "?"]
[Date "2014.10.05"]
[Round "2"]
[White "Ulbricht, Olaf"]
[Black "Lo, Bao Anh"]
[Result "1-0"]
[WhiteElo "1608"]
[BlackElo "859"]
[PlyCount "23"]
[EventDate "2014.??.??"]
[WhiteTeam "SV Wartburgstadt Eisenach"]
[BlackTeam "ESV Lok Meiningen"]

1. e4 e5 2. f4 exf4 3. Nf3 d6 4. Bc4 Be6 5. Bxe6 fxe6 6. d4 e5 7. dxe5 dxe5 8.
Qxd8+ Kxd8 9. Nxe5 Ke8 10. Bxf4 Bd6 11. O-O Nf6 12. Nd2 {Hier zog Schwarz den
illegalen Zug 12... 0-0. Da der Fehler nicht bemerkt wurde, wurde einfach
weitergespielt. Da in PGN-Dateien illegale Züge nicht zugelassen sind, folgen
die restlichen Züge in einer zweiten Partie.} 1-0

[Event "Landesklasse West 2014/2015"]
[Site "?"]
[Date "2014.10.05"]
[Round "2"]
[White "Grube, Paul"]
[Black "Sowa, Karl"]
[Result "0-1"]
[WhiteElo "744"]
[BlackElo "1437"]
[PlyCount "94"]
[EventDate "2014.??.??"]
[WhiteTeam "ESV Lok Meiningen"]
[BlackTeam "SV Wartburgstadt Eisenach"]

1. d4 d5 2. Nc3 e6 3. e3 Nf6 4. Nf3 Nc6 5. Bd3 Bd6 6. O-O O-O 7. Bd2 h6 8. g3
Re8 9. Bb5 Bd7 10. Bxc6 bxc6 11. Re1 c5 12. dxc5 Bxc5 13. Ne5 Bc8 14. Nb5 Ba6
15. Qe2 Bd6 16. Bc3 Bxe5 17. Bxe5 c6 18. Nc7 Bxe2 19. Nxe8 Qxe8 20. Rxe2 Nd7
21. Bd6 c5 22. b3 e5 23. Rd1 Qe6 24. Bc7 a5 25. Red2 Ra7 26. Bd8 d4 27. exd4
cxd4 28. Bh4 g5 29. Bxg5 hxg5 30. Re1 f6 31. Rf1 Qb6 32. c4 dxc3 33. Rc2 Rc7
34. Rfc1 Qd4 35. a4 e4 36. Re1 Ne5 37. Kf1 Nf3 38. Ree2 Qd1+ 39. Kg2 Nd2 40.
Rcxd2 cxd2 41. Rxe4 Qxb3 42. Re8+ Kf7 43. Rd8 d1=Q 44. Rxd1 Qxd1 45. h4 g4 46.
Kh2 Rc1 47. Kg2 Qg1# 0-1

[Event "Landesklasse West 2014/2015"]
[Site "?"]
[Date "2014.10.05"]
[Round "2"]
[White "Petiko, Nikolai"]
[Black "Recknagel, Michael"]
[Result "0-1"]
[WhiteElo "1956"]
[BlackElo "2164"]
[PlyCount "114"]
[EventDate "2014.??.??"]

1. d4 d5 2. Bf4 c6 3. e3 Nf6 4. Bd3 g6 5. Nd2 Bg7 6. Ngf3 O-O 7. h3 Nbd7 8. O-O
b6 9. Ne5 Bb7 10. c4 c5 11. Ndf3 cxd4 12. Nxd4 Rc8 13. Rc1 Nh5 14. Ndf3 Nxf4
15. exf4 Nxe5 16. Nxe5 Qd6 17. Qe2 e6 18. Rfd1 Rfd8 19. b3 Rc7 20. Qe3 Rdc8 21.
Be2 Qa3 22. Qd2 b5 23. Rb1 dxc4 24. bxc4 Bxe5 25. fxe5 bxc4 26. Bxc4 Qc5 27.
Qe2 Qc6 28. f3 Qc5+ 29. Kh2 Bxf3 30. Qxf3 Qxe5+ 31. Kh1 Rxc4 32. Rf1 R4c7 33.
Rfe1 Qg7 34. Qe3 Qc3 35. Qf4 Qc4 36. Qf2 Qc3 37. Qf4 Qc4 38. Qf2 Qc5 39. Qe2
Qd5 40. Qf2 Qc4 41. Rbc1 Qxc1 42. Rxc1 Rxc1+ 43. Kh2 R1c5 44. Qd4 a5 45. Qd7
Rf8 46. Qd6 Rd5 47. Qb6 Rc8 48. a4 Rc4 49. Qb8+ Kg7 50. Qb2+ Rdd4 51. Qb8 Re4
52. Qb2+ e5 53. g4 h6 54. Kg3 Rxa4 55. Qc3 Rab4 56. Kh2 a4 57. h4 Re2+ 0-1

[Event "Landesklasse West 2014/2015"]
[Site "?"]
[Date "2014.10.05"]
[Round "2"]
[White "Berghof, Axel"]
[Black "Hellrung, Bernhard"]
[Result "1-0"]
[WhiteElo "2046"]
[BlackElo "1867"]
[PlyCount "77"]
[EventDate "2014.??.??"]

1. e4 d5 2. exd5 Qxd5 3. Nc3 Qd6 4. Bc4 Nf6 5. d3 a6 6. Nge2 b5 7. Bb3 Bb7 8.
f3 e6 9. Bf4 Qb6 10. Qd2 Nbd7 11. d4 Bb4 12. a3 Be7 13. Be3 Nd5 14. Bf2 N7f6
15. O-O O-O 16. Rae1 c5 17. Nxd5 Nxd5 18. c3 c4 19. Bc2 Qc7 20. Bg3 Bd6 21.
Bxd6 Qxd6 22. f4 Nf6 23. Ng3 Rad8 24. Bb1 g6 25. Re5 Ng4 26. Qe2 Nxe5 27. fxe5
Qe7 28. Rf6 Bd5 29. Qe3 Kh8 30. Qf4 Rd7 31. Qh6 Rg8 32. Be4 Qf8 33. Qh3 a5 34.
Bxd5 Rxd5 35. Ne4 Rd7 36. Ng5 Qg7 37. Rf4 b4 38. Rh4 h5 39. Rxh5+ 1-0

[Event "Landesklasse West 2014/2015"]
[Site "?"]
[Date "2014.10.05"]
[Round "2"]
[White "Bötticher, Heinz-Wilfried"]
[Black "Feld-Gerdes, Wolfgang"]
[Result "0-1"]
[WhiteElo "1825"]
[BlackElo "2035"]
[PlyCount "40"]
[EventDate "2014.??.??"]

1. d4 d5 2. c4 c6 3. Nf3 Nf6 4. Nc3 e6 5. Bg5 h6 6. Bh4 g5 7. Bg3 dxc4 8. a4
Bb4 9. e3 b5 10. Qc2 Bb7 11. Be2 Nbd7 12. O-O a6 13. Ne5 h5 14. f4 Nxe5 15.
dxe5 Bxc3 16. bxc3 Nd5 17. Bf2 gxf4 18. e4 Ne3 19. Bxe3 fxe3 20. Rad1 Qg5 0-1

[Event "Landesklasse West 2014/2015"]
[Site "?"]
[Date "2014.10.05"]
[Round "2"]
[White "Will, Ralph"]
[Black "Gast, Rainer"]
[Result "1-0"]
[WhiteElo "1785"]
[BlackElo "1829"]
[PlyCount "59"]
[EventDate "2014.??.??"]

1. d4 d5 2. c4 e6 3. Nf3 Nf6 4. g3 c6 5. Qc2 g6 6. Bg2 Bg7 7. O-O O-O 8. Bg5
Nbd7 9. e3 Re8 10. Nbd2 h6 11. Bxf6 Nxf6 12. Ne5 Qc7 13. Rac1 Bd7 14. Rfd1 Rad8
15. f4 Qd6 16. b4 Qxb4 17. Rb1 Qa3 18. Rb3 Qa6 19. Bf1 dxc4 20. Ndxc4 b5 21.
Ra3 Qb7 22. Nd6 Qb6 23. Ndxf7 Re7 24. Nxd8 Qxd8 25. Rxa7 Nd5 26. Kf2 Bxe5 27.
dxe5 Nxe3 28. Qxg6+ Rg7 29. Qxg7+ Kxg7 30. Rdxd7+ 1-0

[Event "Landesklasse West 2014/2015"]
[Site "?"]
[Date "2014.10.05"]
[Round "2"]
[White "Müller, Bernd"]
[Black "Leibeling, Lucian"]
[Result "1/2-1/2"]
[WhiteElo "1702"]
[BlackElo "1850"]
[PlyCount "28"]
[EventDate "2014.??.??"]

1. e4 c5 2. Nf3 d6 3. d4 cxd4 4. Nxd4 Nf6 5. Nc3 g6 6. Bc4 Bg7 7. f3 O-O 8. Be3
Nc6 9. Qd2 Bd7 10. O-O-O Rc8 11. Bb3 Ne5 12. h4 h5 13. Kb1 a6 14. Bh6 b5
1/2-1/2

[Event "Landesklasse West 2014/2015"]
[Site "?"]
[Date "2014.10.05"]
[Round "2"]
[White "Gast, Benedikt"]
[Black "von Nordheim, Kurt"]
[Result "1/2-1/2"]
[WhiteElo "1537"]
[BlackElo "1634"]
[PlyCount "41"]
[EventDate "2014.??.??"]

1. d4 d5 2. Bf4 Nf6 3. e3 e6 4. Nd2 c5 5. c3 Nc6 6. Bd3 c4 7. Bc2 Bd6 8. Bxd6
Qxd6 9. Ngf3 b5 10. O-O Bb7 11. e4 dxe4 12. Nxe4 Nxe4 13. Bxe4 Rb8 14. Re1 O-O
15. Re3 h6 16. Qe1 Ne7 17. Bc2 Nd5 18. Re5 a6 19. Qe4 Nf6 20. Qh4 Rfd8 21. a3
1/2-1/2

[Event "Landesklasse West 2014/2015"]
[Site "?"]
[Date "2014.10.05"]
[Round "2"]
[White "Fuhrmann, Christian"]
[Black "Biel, Peter"]
[Result "1-0"]
[WhiteElo "1766"]
[BlackElo "1703"]
[PlyCount "61"]
[EventDate "2014.??.??"]

1. d4 d5 2. c4 e6 3. Nc3 Nf6 4. Nf3 c5 5. e3 Nc6 6. Bd3 a6 7. O-O dxc4 8. Bxc4
b5 9. Bd3 c4 10. Bc2 Bd6 11. e4 e5 12. dxe5 Nxe5 13. Nxe5 Bxe5 14. Qxd8+ Kxd8
15. Rd1+ Ke7 16. Bg5 Bxc3 17. bxc3 h6 18. Bh4 g5 19. Bg3 Ra7 20. Be5 Rd7 21.
Bd4 Rhd8 22. f3 Ne8 23. e5 Nc7 24. Bc5+ Ke6 25. Re1 Nd5 26. g4 Ne7 27. Bd6 Bb7
28. Kf2 f6 29. Rad1 Bc6 30. exf6+ Kxf6 31. Bxe7+ 1-0

[Event "Landesklasse West 2014/2015"]
[Site "?"]
[Date "2014.10.05"]
[Round "2"]
[White "Lesser, Thomas"]
[Black "Rommel, Uwe"]
[Result "1-0"]
[WhiteElo "1857"]
[BlackElo "1859"]
[PlyCount "69"]
[EventDate "2014.??.??"]
[WhiteTeam "SV Schmalkalden 04"]
[BlackTeam "SG Barchfeld/Breitungen"]

1. e4 g6 2. d4 Bg7 3. Nf3 d6 4. Be3 Nf6 5. Nbd2 O-O 6. h3 Nc6 7. c3 e5 8. d5
Ne7 9. g4 c6 10. c4 cxd5 11. cxd5 Qa5 12. Bd3 Nexd5 13. exd5 e4 14. Bc4 exf3
15. Qxf3 Nd7 16. Rb1 Ne5 17. Qe2 f5 18. b4 Qd8 19. f3 Nxc4 20. Qxc4 Re8 21. Rb3
Bh6 22. gxf5 Bxf5 23. Kf2 Rc8 24. Qd4 Bg7 25. Qf4 Bc2 26. Ra3 Bb2 27. Rxa7 Be5
28. Qh6 Bg7 29. Qf4 g5 30. Qg4 Rxe3 31. Rxb7 Qe8 32. Rxg7+ Kh8 33. Rxg5 Re2+
34. Kg3 Rxd2 35. Qf4 1-0

[Event "Landesklasse West 2014/2015"]
[Site "?"]
[Date "2014.10.05"]
[Round "2"]
[White "Reum, Lutz"]
[Black "Bamberg, Alexander"]
[Result "0-1"]
[WhiteElo "1811"]
[BlackElo "1851"]
[PlyCount "68"]
[EventDate "2014.??.??"]
[WhiteTeam "SG Barchfeld/Breitungen"]
[BlackTeam "SV Schmalkalden 04"]

1. Nf3 c5 2. g3 d5 3. c4 e6 4. Bg2 Nc6 5. O-O Nf6 6. b3 Be7 7. Bb2 d4 8. d3 O-O
9. a3 a5 10. a4 e5 11. Na3 Bg4 12. h3 Bf5 13. Nh4 Be6 14. Nf3 Qd7 15. Kh2 h6
16. Nc2 Nh7 17. e3 Rad8 18. exd4 exd4 19. Qd2 Rfe8 20. Rae1 b6 21. Bc1 Bd6 22.
Re2 Nf6 23. Qd1 Re7 24. Rfe1 Rde8 25. Bf1 Qc7 26. Nd2 Ne5 27. Bg2 Nxd3 28. Ne4
Nxe1 29. Nxf6+ gxf6 30. Nxe1 Bf5 31. Rxe7 Qxe7 32. Nd3 Qe2 33. Qxe2 Rxe2 34.
Nf4 Rc2 0-1

[Event "Landesklasse West 2014/2015"]
[Site "?"]
[Date "2014.10.05"]
[Round "2"]
[White "Wissel, Daniel"]
[Black "Crivellaro, Heiko"]
[Result "1/2-1/2"]
[WhiteElo "1839"]
[BlackElo "1810"]
[PlyCount "72"]
[EventDate "2014.??.??"]
[WhiteTeam "SV Schmalkalden 04"]
[BlackTeam "SG Barchfeld/Breitungen"]

1. e4 e5 2. f4 exf4 3. Nf3 d5 4. exd5 Qxd5 5. Nc3 Qd8 6. Bc4 Bd6 7. O-O h6 8.
d4 Ne7 9. Ne4 O-O 10. Nxd6 Qxd6 11. Ne5 Nbc6 12. Bxf4 Nxe5 13. Bxe5 Qc6 14. Qe2
Ng6 15. Bd3 Nxe5 16. Qxe5 Qd6 17. Qe4 f5 18. Bc4+ Kh8 19. Qd3 Bd7 20. c3 Rae8
21. Bb3 Re4 22. Rae1 Rfe8 23. Qd2 Qg6 24. Bc2 Rxe1 25. Rxe1 Rxe1+ 26. Qxe1 Qg5
27. Bd3 Bc6 28. Bf1 f4 29. Qe6 Qd8 30. Qf5 f3 31. Bd3 Qg8 32. gxf3 Bd5 33. b3
Be6 34. Qg6 Bf7 35. Qe4 Bd5 36. Qf5 Be6 1/2-1/2

[Event "Landesklasse West 2014/2015"]
[Site "?"]
[Date "2014.10.05"]
[Round "2"]
[White "Wolf, Tristan"]
[Black "Krannich, Steffen"]
[Result "1/2-1/2"]
[WhiteElo "1602"]
[BlackElo "1810"]
[PlyCount "41"]
[EventDate "2014.??.??"]
[WhiteTeam "SG Barchfeld/Breitungen"]
[BlackTeam "SV Schmalkalden 04"]

1. Nf3 d5 2. g3 Nf6 3. Bg2 e6 4. O-O Bd6 5. d4 c6 6. b3 Nbd7 7. Bb2 O-O 8. Nbd2
Re8 9. c4 Qe7 10. Re1 Bc7 11. Qc2 Ba5 12. Bc3 Bxc3 13. Qxc3 Nf8 14. Ne5 Ng6 15.
Nxg6 hxg6 16. e4 dxe4 17. Nxe4 Nxe4 18. Bxe4 Rd8 19. Rad1 Qf6 20. Qe3 a5 21. a4
1/2-1/2

[Event "Landesklasse West 2014/2015"]
[Site "?"]
[Date "2014.10.05"]
[Round "2"]
[White "Burkhardt, Christian"]
[Black "Reum, Jonathan"]
[Result "0-1"]
[WhiteElo "1667"]
[BlackElo "1563"]
[PlyCount "74"]
[EventDate "2014.??.??"]
[WhiteTeam "SV Schmalkalden 04"]
[BlackTeam "SG Barchfeld/Breitungen"]

1. d4 Nf6 2. c4 g6 3. g3 Bg7 4. Bg2 d5 5. cxd5 Nxd5 6. Nc3 c6 7. e4 Nxc3 8.
bxc3 O-O 9. Ne2 c5 10. Be3 cxd4 11. cxd4 Nc6 12. O-O Qc7 13. Rc1 Qa5 14. Qb3
Rd8 15. Rfd1 Qa6 16. Bf1 Bg4 17. Nc3 Bxd1 18. Bxa6 Bxb3 19. Bxb7 Rab8 20. Bxc6
Bc4 21. e5 Rbc8 22. Bg2 f6 23. f4 fxe5 24. fxe5 e6 25. h4 Bf8 26. Ne4 Bxa2 27.
Rf1 Be7 28. Bh3 Bd5 29. Bg5 Bxg5 30. Nxg5 Rf8 31. Bxe6+ Bxe6 32. Nxe6 Rxf1+ 33.
Kxf1 a5 34. Ke2 a4 35. Kd2 a3 36. Nc5 Rxc5 37. e6 Rc8 0-1

[Event "Landesklasse West 2014/2015"]
[Site "?"]
[Date "2014.10.05"]
[Round "2"]
[White "Abe, Rico"]
[Black "Weigend, Joachim"]
[Result "1/2-1/2"]
[WhiteElo "1664"]
[BlackElo "1784"]
[PlyCount "36"]
[EventDate "2014.??.??"]
[WhiteTeam "SG Barchfeld/Breitungen"]
[BlackTeam "SV Schmalkalden 04"]

1. e4 c5 2. Nf3 a6 3. c3 d5 4. exd5 Qxd5 5. d4 cxd4 6. Qxd4 Qa5 7. Bc4 e6 8.
O-O Nc6 9. Qd3 Nf6 10. Re1 Be7 11. Qe2 O-O 12. Nbd2 b5 13. Bb3 Qc7 14. Ne4 Bb7
15. Nxf6+ Bxf6 16. Bg5 Bxg5 17. Nxg5 h6 18. Nf3 Rad8 1/2-1/2

[Event "Landesklasse West 2014/2015"]
[Site "?"]
[Date "2014.10.05"]
[Round "2"]
[White "Röder, Detlef"]
[Black "Heß, Wolfgang"]
[Result "0-1"]
[WhiteElo "1610"]
[BlackElo "1725"]
[PlyCount "70"]
[EventDate "2014.??.??"]
[WhiteTeam "SV Schmalkalden 04"]
[BlackTeam "SG Barchfeld/Breitungen"]

1. e4 d5 2. exd5 Qxd5 3. Nc3 Qa5 4. Nf3 Bg4 5. Be2 Nf6 6. O-O c6 7. d3 e6 8.
Bf4 Nbd7 9. Ne5 Nxe5 10. Bxe5 Qxe5 11. Bxg4 Bb4 12. Bf3 Bxc3 13. bxc3 Qxc3 14.
Qe2 O-O 15. Rab1 Rab8 16. Rb3 Qc5 17. Rfb1 b6 18. Rb4 Qd6 19. a4 Rfc8 20. Qd2
c5 21. Rc4 Rd8 22. Qe1 Qc7 23. h4 Rd4 24. g3 Rxc4 25. dxc4 a5 26. Qc3 Rd8 27.
Qb3 Rd6 28. Re1 Rd4 29. Kf1 h6 30. Rb1 Nd7 31. c3 Rd2 32. Rd1 Qd6 33. Rxd2 Qxd2
34. Bc6 Ne5 35. Qb5 Qd3+ 0-1

[Event "Landesklasse West 2014/2015"]
[Site "?"]
[Date "2014.10.05"]
[Round "2"]
[White "Stöber, Alexander"]
[Black "Kuntze, Andreas"]
[Result "0-1"]
[WhiteElo "1669"]
[BlackElo "1996"]
[PlyCount "50"]
[EventDate "2014.??.??"]

1. c4 d6 2. Nc3 e5 3. e4 Nf6 4. g3 Be6 5. d3 c6 6. Bg2 Be7 7. Nge2 a6 8. O-O b5
9. cxb5 axb5 10. a3 b4 11. Nb1 bxa3 12. Rxa3 Na6 13. Rc3 c5 14. Na3 O-O 15. f4
Nb4 16. Nc4 Bxc4 17. dxc4 Qb6 18. fxe5 dxe5 19. Rf5 Rfd8 20. Qf1 Nd3 21. Ra3
Rxa3 22. bxa3 Qb3 23. g4 Nxc1 24. Rf3 Nxe2+ 25. Qxe2 Qd1+ 0-1

[Event "Landesklasse West 2014/2015"]
[Site "?"]
[Date "2014.10.05"]
[Round "2"]
[White "Kachel, Alfred"]
[Black "Kirchberg, Hans-Georg"]
[Result "1-0"]
[WhiteElo "1951"]
[BlackElo "1661"]
[PlyCount "133"]
[EventDate "2014.??.??"]

1. d4 Nf6 2. Nf3 d5 3. c4 e6 4. Nc3 Be7 5. cxd5 exd5 6. Bg5 c6 7. Qc2 O-O 8. e3
h6 9. Bf4 Be6 10. Bd3 Nbd7 11. h3 c5 12. O-O-O cxd4 13. exd4 a6 14. Kb1 b5 15.
Rhe1 Nb6 16. Nxb5 axb5 17. Bc7 Qc8 18. Bxb6 Qa6 19. Bc5 Bxc5 20. dxc5 Qxa2+ 21.
Kc1 Qa5 22. Nd4 Qb4 23. Qc3 Qxc3+ 24. bxc3 Rfc8 25. c6 Ne4 26. Bxe4 dxe4 27.
Nxe6 fxe6 28. Rd6 Ra6 29. Rxe6 Raxc6 30. Rxc6 Rxc6 31. Kd2 Rc4 32. Rb1 Rc5 33.
Rb4 Rd5+ 34. Ke2 Kf7 35. Rxe4 Kf6 36. f4 h5 37. g4 hxg4 38. hxg4 Rc5 39. Kd3 g6
40. Kc2 Rd5 41. Kb3 Rc5 42. Rd4 Ke6 43. Kc2 Rc7 44. Kd3 Rc5 45. Rd8 Rc4 46.
Re8+ Kf7 47. Re4 Rc5 48. Re5 Rc4 49. f5 Rxg4 50. fxg6+ Rxg6 51. Rxb5 Ke7 52.
Rd5 Rg1 53. Kc4 Rb1 54. Kc5 Rb3 55. c4 Rb1 56. Kc6 Ra1 57. c5 Rb1 58. Kc7 Rb2
59. Re5+ Kf6 60. Re3 Rb5 61. Kd6 Rb1 62. Rf3+ Kg7 63. c6 Rd1+ 64. Kc7 Rd2 65.
Kc8 Rd1 66. c7 Rc1 67. Rb3 1-0